| 000 | 00867aam a2200301 i 4500 | ||
|---|---|---|---|
| 001 | 12066 | ||
| 003 | CO-MdBIC | ||
| 005 | 20210918112937.0 | ||
| 008 | 210918t2000 sp ||||| |||| 00| 0 eng d | ||
| 020 | _a84-494-1536-5 | ||
| 040 |
_bspa. _aCO-MdFUSB _cCO-MdFUSB _dCO-MdFUSBC _erda |
||
| 041 |
_aspa _aeng |
||
| 082 | 0 | 4 | _aR 463.2 G535s |
| 110 | 1 | _aGrupo Oceano | |
| 245 | 1 | 0 |
_aSmart : Diccionario Español-Inglés, English-Spanish / Carlos Gispert, Director _c/ |
| 260 | _aBarcelona, España : Océano | ||
| 264 | 1 |
_aBarcelona, España : _bOcéano, _c[2000] |
|
| 264 | 1 | _c© 2000 | |
| 300 |
_a1036 Pag _c; |
||
| 336 |
_2rdacontent _atexto _btxt |
||
| 337 |
_2rdamedia _asin mediación _bn |
||
| 338 |
_2rdacarrier _avolumen _bnc |
||
| 653 | _aDiccionario | ||
| 653 | _aEspañol-Ingles | ||
| 653 | _aEnglish-Spanish | ||
| 942 | _cBK | ||
| 945 | _aEstudiante | ||
| 999 |
_c41095 _d41095 |
||